000
00261nam a2200097Ia 4500
008
230907s9999||||xx |||||||||||||| ||und||
082
_a
341.734,NUC
245
0
_a
Nuclear non-proliferation in international law - volume I/
300
_a
xii, 260 p.:
942
_c
BK
999
_c
597661
_d
597661